French Words - Statistics

General Stats
  • This quiz has been taken 234 times
  • The average score is 9 of 12
Answer Stats
English Answer % Correct
Coffee Café
98%
Dog Chien
94%
Water Eau
94%
French Francais
94%
Bye Au revoir
89%
Hello Salut
79%
Cream Crème
78%
Sea Mer
78%
Ice-cream Glace
76%
Mountain Montagne
72%
Building Batiment
35%
Hill Colline
29%
No matching quizzes found
Score Distribution
Percent of People with Each Score
Percentile by Number Answered
Your Score History
You have not taken this quiz